000 00599nam a22002292i 4500
999 _c5826
_d5826
001 5826
003 BD-JhCC
005 20180102183619.0
008 500101s1961 enk 000 0 eng d
035 _a(BD-JhCC)5826
040 _aAZS
_cAZS
_dUKM
_dEQO
041 _aeng
082 _a407.1
_218
_bBIL 1961
090 _aP51
_b.B5x
100 1 _aBillows, F. L.
245 1 4 _aThe techniques of language teaching /
_cF.L. Billows
260 _aLondon :
_bLongman,
_c1961.
300 _a259 p. ;
_c21 cm
650 0 _aLanguage and languages
_xStudy and teaching.
942 _2ddc
_cBK